Statistics for Best NBA Player At Each Letter

Click here to take the quiz!

General Stats

  • This quiz has been taken 42 times
  • The average score is 11 of 24

Answer Stats

LetterPlayer% Correct
AGiannis Antetokounmpo
91%
JLeBron James
88%
CStephen Curry
76%
DKevin Durant
74%
HJames Harden
71%
IKyrie Irving
68%
YTrae Young
62%
EJoel Embiid
53%
LKawhi Leonard
53%
WRussell Westbrook
53%
BJimmy Butler
50%
PChris Paul
47%
SPascal Siakam
47%
GPaul George
47%
MDonovan Mitchell
44%
TKarl Anthony Towns
44%
VFred VanVleet
41%
RD'Angelo Russell
35%
FDe'Aaron Fox
35%
OVictor Oladipo
21%
ZCody Zeller
12%
KKyle Kuzma
6%
UJarrod Uthoff
0%
NKendrick Nunn
0%

Score Distribution

Percentile by Number Answered

Percent of People with Each Score

Your Score History

You have not taken this quiz